Từ điển Anh - Việt Việt Anh về xây dựng và kiến trúc = Commonly used English - Vietnamese dictionary and Vietnamese - English dictionary of building and architecture
Đã lưu trong:
| 主要作者: | |
|---|---|
| 格式: | 圖書 |
| 語言: | Undetermined |
| 出版: |
Đồng Nai
Tổng hợp Đồng Nai
2003
|
| 主題: | |
| 標簽: |
添加標簽
沒有標簽, 成為第一個標記此記錄!
|
| Thư viện lưu trữ: | Trung tâm Học liệu Trường Đại học Cần Thơ |
|---|
| LEADER | 00731nam a2200205Ia 4500 | ||
|---|---|---|---|
| 001 | CTU_56719 | ||
| 008 | 210402s9999 xx 000 0 und d | ||
| 020 | |b 36000 | ||
| 082 | |a 690.03 | ||
| 082 | |b C125 | ||
| 100 | |a Võ Như Cầu | ||
| 245 | 0 | |a Từ điển Anh - Việt Việt Anh về xây dựng và kiến trúc = | |
| 245 | 0 | |b Commonly used English - Vietnamese dictionary and Vietnamese - English dictionary of building and architecture | |
| 245 | 0 | |c Võ Như Cầu | |
| 260 | |a Đồng Nai | ||
| 260 | |b Tổng hợp Đồng Nai | ||
| 260 | |c 2003 | ||
| 650 | |a building,architecture | ||
| 650 | |x dictionaries,dictionaries | ||
| 980 | |a Trung tâm Học liệu Trường Đại học Cần Thơ | ||